| 000 | 00000nam 2200000za 4500 |
| 001 | 9.840787 |
| 003 | CaOODSP |
| 005 | 20221107151928 |
| 007 | cr ||||||||||| |
| 008 | 170731s2014 oncad #o f000 0 fre d |
| 040 | |aCaOODSP|bfre |
| 043 | |an-cn--- |
| 086 | 1 |aFo4-117/2014F-PDF |
| 245 | 14|aLes forêts du Canada |h[ressource électronique] : |bfaits essentiels. |
| 260 | |a[Ottawa] : |bRessources naturelles Canada, |cc2014. |
| 300 | |a[2] p. : |bill. en coul. |
| 500 | |aTitre de départ. |
| 500 | |aPubl. par: Service canadien des forêts. |
| 500 | |aPublié aussi en anglais sous le titre : Canada's forests : key facts. |
| 520 | 0 |a« La contribution des forêts du Canada à l'économie, à l'environnement et au bien-être social du pays est de première importance. Nos forêts constituent une partie vitale de nos racines en tant que nation et un élément fondamental de notre avenir »--p.1. |
| 692 | 07|2gccst|aForêt |
| 710 | 1 |aCanada. |bRessources naturelles Canada. |
| 710 | 2 |aService canadien des forêts. |
| 775 | 08|tCanada's forests |w(CaOODSP)9.840778 |
| 856 | 40|qPDF|s6.07 Mo|uhttps://publications.gc.ca/collections/collection_2017/rncan-nrcan/Fo4-117-2014-fra.pdf |